MARC

LEADER 00000nam0a2200000 4500
001 201043
005 20231101225010.0
010 |a 5850250204 
020 |a RU  |b 91-477 
035 |a (RuTPU)RU\TPU\book\219137 
090 |a 201043 
100 |a 20110919d1990 km y0rusy5003 ca 
101 0 |a rus 
102 |a RU 
105 |a y z 001zy 
200 1 |a Дипломатический корпус СССР  |e справочник  |f СССР, Министерство иностранных дел 
210 |a Москва  |c Внешторгиздат  |d 1990 
215 |a 142 с. 
225 1 |a Кто есть кто 
320 |a Алфавитный указатель: с. 110-128. 
610 1 |a дипломатический корпус 
610 1 |a СССР 
610 1 |a МИД 
610 1 |a структура 
610 1 |a состав 
610 1 |a представительства 
610 1 |a руководство 
686 |a Ф49(2)  |2 rubbk 
712 0 1 |a СССР  |b Министерство иностранных дел  |c (1946-1991)  |2 stltpush  |3 (RuTPU)RU\TPU\col\14704  |9 25988 
801 0 |a RU  |b RuMRKP  |c 19960705  |g psbo 
801 1 |a RU  |b 63413507  |c 20110919 
801 2 |a RU  |b 63413507  |c 20110922  |g RCR 
942 |c BK